| 000 | 00549nam a2200229Ia 4500 | ||
|---|---|---|---|
| 003 | OSt | ||
| 005 | 20220918201823.0 | ||
| 006 | a|||||r|||| 00| 0 | ||
| 007 | ta | ||
| 008 | 220917b |||||||| |||| 00| 0 eng d | ||
| 024 | _a96,710 | ||
| 037 | _cTextual | ||
| 040 |
_aARTS _cARTS _beng |
||
| 041 |
_2eng _aeng |
||
| 082 | _aV2:1:L0, H4 | ||
| 100 |
_aSharma S R _951390 |
||
| 245 | 0 | _aMaratha history, 1295-1707 | |
| 260 | _c1944 | ||
| 650 | _aHISTORY | ||
| 942 |
_hV2:1:L0, H4 _cTEXL _2CC |
||
| 999 |
_c220311 _d220311 |
||